000 00243nam a22001097a 4500
082 _a823
_bAND/G
100 _aANDERSON, BOB
245 _aGETTING IN SHAPE
246 _aGETTING IN SHAPE
_bGETTING IN SHAPE
260 _aMUNBAI
_bJAICO
942 _cBK
999 _c7735
_d7735